<?xml version="1.0" encoding="UTF-8"?>
<collection xmlns="http://www.loc.gov/MARC21/slim">
 <record>
  <leader>01689nam a2200397   4500</leader>
  <controlfield tag="001">DLU030024549</controlfield>
  <controlfield tag="008">##880509s1989    enka     b    001 0 eng  </controlfield>
  <datafield tag="010" ind1="#" ind2="#">
   <subfield code="a">   88015766</subfield>
  </datafield>
  <datafield tag="020" ind1="#" ind2="#">
   <subfield code="a">0256263485</subfield>
  </datafield>
  <datafield tag="050" ind1="#" ind2="#">
   <subfield code="a">T385</subfield>
   <subfield code="b">.B86 1989</subfield>
  </datafield>
  <datafield tag="100" ind1="#" ind2="#">
   <subfield code="a">Lieu, D. K</subfield>
  </datafield>
  <datafield tag="245" ind1="#" ind2="#">
   <subfield code="a">Graphics Interactive [Đĩa CD-ROM] /</subfield>
   <subfield code="c">D. K. Lieu</subfield>
  </datafield>
  <datafield tag="260" ind1="#" ind2="#">
   <subfield code="a">Berkeley. :</subfield>
   <subfield code="b">University of California,</subfield>
   <subfield code="c">c1996</subfield>
  </datafield>
  <datafield tag="300" ind1="#" ind2="#">
   <subfield code="a">1 đĩa CD-ROM 4 3/4 in. </subfield>
  </datafield>
  <datafield tag="440" ind1="#" ind2="#">
   <subfield code="a">International computer science series</subfield>
  </datafield>
  <datafield tag="500" ind1="#" ind2="#">
   <subfield code="a">1 Introduction </subfield>
  </datafield>
  <datafield tag="500" ind1="#" ind2="#">
   <subfield code="a">2 Sketching </subfield>
  </datafield>
  <datafield tag="500" ind1="#" ind2="#">
   <subfield code="a">3 Engineering Drawings </subfield>
  </datafield>
  <datafield tag="500" ind1="#" ind2="#">
   <subfield code="a">4 Orthogonal Projections </subfield>
  </datafield>
  <datafield tag="500" ind1="#" ind2="#">
   <subfield code="a">5 Pictorials </subfield>
  </datafield>
  <datafield tag="500" ind1="#" ind2="#">
   <subfield code="a">6 Sections </subfield>
  </datafield>
  <datafield tag="500" ind1="#" ind2="#">
   <subfield code="a">7 Dimensioning </subfield>
  </datafield>
  <datafield tag="500" ind1="#" ind2="#">
   <subfield code="a">8 Tolerancing </subfield>
  </datafield>
  <datafield tag="500" ind1="#" ind2="#">
   <subfield code="a">9 Descriptive Geometry </subfield>
  </datafield>
  <datafield tag="500" ind1="#" ind2="#">
   <subfield code="a">Overview: Finally, a visualization tool for your engineering graphics students! Through the use of full-color graphics and animations, this interactive CD-ROM allows students to visualize three-dimensional objects, their views, and how to draw them. It covers all of the traditional engineering graphics topics, from sketching to descriptive geometry, but presents them in a way that students will find motivating and easier to comprehend. This CD is a stand-alone product, but we offer it at a significant discount if it is packaged with any McGraw-Hill graphics text such as Bertoline's Technical Graphics Communicaton, 2/e. </subfield>
  </datafield>
  <datafield tag="500" ind1="#" ind2="#">
   <subfield code="a">Table of Contents:</subfield>
  </datafield>
  <datafield tag="650" ind1="#" ind2="#">
   <subfield code="a">Computer graphics.</subfield>
  </datafield>
  <datafield tag="992" ind1="#" ind2="#">
   <subfield code="a">0</subfield>
  </datafield>
  <datafield tag="994" ind1="#" ind2="#">
   <subfield code="a">DLU</subfield>
  </datafield>
  <datafield tag="900" ind1="#" ind2="#">
   <subfield code="a">True</subfield>
  </datafield>
  <datafield tag="911" ind1="#" ind2="#">
   <subfield code="a">Phan Ngọc Đông</subfield>
  </datafield>
  <datafield tag="925" ind1="#" ind2="#">
   <subfield code="a">CD</subfield>
  </datafield>
  <datafield tag="926" ind1="#" ind2="#">
   <subfield code="a">A</subfield>
  </datafield>
  <datafield tag="927" ind1="#" ind2="#">
   <subfield code="a">CD</subfield>
  </datafield>
  <datafield tag="980" ind1="#" ind2="#">
   <subfield code="a">Thư viện Trường Đại học Đà Lạt</subfield>
  </datafield>
 </record>
</collection>
